000 00297nam a2200109Ia 4500
008 220204s9999 xx 000 0 und d
082 _a681.31(058)
_bMAN
245 0 _aIndian directory of computer software
260 _aDelhi
_bConstellate consultants
_c1985
700 _aMandelia, B P
942 _cBK
999 _c39555
_d39555